NBA Finals - Pick the Winner - Statistics

General Stats
  • This quiz has been taken 30 times
  • The average score is 54 of 72
Answer Stats
Question Answer % Correct
2012 Miami Heat
93%
1991 Chicago Bulls
89%
1993 Chicago Bulls
89%
1996 Chicago Bulls
89%
1997 Chicago Bulls
89%
1998 Chicago Bulls
89%
2011 Dallas Mavericks
89%
1990 Detroit Pistons
89%
2018 Golden State Warriors
89%
2000 Los Angeles Lakers
89%
2002 Los Angeles Lakers
89%
2009 Los Angeles Lakers
89%
1947 Philadelphia Warriors
89%
2003 San Antonio Spurs
89%
1964 Boston Celtics
85%
1981 Boston Celtics
85%
1986 Boston Celtics
85%
1992 Chicago Bulls
85%
1995 Houston Rockets
85%
1988 Los Angeles Lakers
85%
2001 Los Angeles Lakers
85%
1999 San Antonio Spurs
85%
2007 San Antonio Spurs
85%
2014 San Antonio Spurs
85%
1957 Boston Celtics
81%
1965 Boston Celtics
81%
1976 Boston Celtics
81%
2004 Detroit Pistons
81%
2015 Golden State Warriors
81%
1994 Houston Rockets
81%
1982 Los Angeles Lakers
81%
1951 Rochester Royals
81%
2005 San Antonio Spurs
81%
1960 Boston Celtics
78%
2008 Boston Celtics
78%
1989 Detroit Pistons
78%
2017 Golden State Warriors
78%
2010 Los Angeles Lakers
78%
2006 Miami Heat
78%
2013 Miami Heat
78%
1959 Boston Celtics
74%
1962 Boston Celtics
74%
1978 Washington Bullets
74%
1961 Boston Celtics
70%
1963 Boston Celtics
70%
1966 Boston Celtics
70%
1969 Boston Celtics
70%
2016 Cleveland Cavaliers
70%
1975 Golden State Warriors
70%
1949 Minneapolis Lakers
70%
1968 Boston Celtics
67%
1980 Los Angeles Lakers
67%
1950 Minneapolis Lakers
67%
1952 Minneapolis Lakers
67%
1973 New York Knicks
67%
1956 Philadelphia Warriors
67%
1979 Seattle SuperSonics
67%
1974 Boston Celtics
63%
1987 Los Angeles Lakers
63%
1971 Milwaukee Bucks
63%
1953 Minneapolis Lakers
63%
1954 Minneapolis Lakers
63%
1977 Portland Trail Blazers
63%
1984 Boston Celtics
52%
1972 Los Angeles Lakers
52%
1955 Syracuse Nationals
52%
1970 New York Knicks
48%
1967 Philadelphia 76ers
48%
1983 Philadelphia 76ers
48%
1985 Los Angeles Lakers
44%
1948 Baltimore Bullets
41%
1958 St. Louis Hawks
37%
No matching quizzes found
Score Distribution
Percent of People with Each Score
Percentile by Number Answered
Your Score History
You have not taken this quiz